000
00312nam a2200121Ia 4500
008
190216s9999||||xx |||||||||||||| ||und||
100
_a
Mithani. D.M
245
0
_a
Macro Economic Analysis And Policy
260
_b
Oxford And Ibh Publishing Co. Pvt Ltd
_c
1981
300
_a
218p
650
_a
Economics
942
_c
BK
999
_c
9607
_d
9607